Guess guitarist by picture #3 - Statystyki

Ogólne statystyki
  • Ten quiz został rozwiązany 7 razy
  • Średni wynik to 9 z 16
Statystyki odpowiedzi
Obrazkowy Odpowiedź % Poprawnych
Prince
100%
Dave Mustaine
75%
Tom Morello
75%
Ace Frehley
50%
Allen Collins
50%
Billy Squier
50%
Chuck Berry
50%
Eric Johnson
50%
Frank Zappa
50%
Jake E. Lee
50%
John Frusciante
50%
Keith Richards
50%
Richie Sambora
50%
Ritchie Blackmore
50%
Scott Ian
50%
Warren DeMartini
50%
Nie znaleziono quizów pasujących do podanych kryteriów
Rozkład punktacji
Procent ludzi z każdym wynikiem
Percentyl według liczby udzielonych odpowiedzi
Twoja historia wyników
Nie rozwiązałeś tego quizu